Ginecología básica (Registro nro. 5422)
[ vista simple ]
| 000 -CABECERA | |
|---|---|
| campo de control de longitud fija | 00493nam a22001697a 4500 |
| 003 - IDENTIFICADOR DEL NÚMERO DE CONTROL | |
| campo de control | AR-RoIUNI |
| 005 - FECHA Y HORA DE LA ÚLTIMA TRANSACCIÓN | |
| campo de control | 20220329152451.0 |
| 008 - DATOS DE LONGITUD FIJA--INFORMACIÓN GENERAL | |
| campo de control de longitud fija | 220329b xxu||||| |||| 00| 0 spa d |
| 040 ## - FUENTE DE LA CATALOGACIÓN | |
| Centro/agencia transcriptor | AR-RoIUNI |
| 080 ## - NÚMERO DE LA CLASIFICACIÓN DECIMAL UNIVERSAL | |
| Número de la Clasificación Decimal Universal | 618 ARC |
| 100 1# - ENTRADA PRINCIPAL--NOMBRE DE PERSONA | |
| Nombre de persona | Arcangeli, Omar |
| 245 1# - MENCIÓN DE TÍTULO | |
| Título | Ginecología básica |
| Mención de responsabilidad, etc. | Dr. Omar Arcangeli y colaboradores |
| 260 ## - PUBLICACIÓN, DISTRIBUCIÓN, ETC. (PIE DE IMPRENTA) | |
| Lugar de publicación, distribución, etc. | Rosario |
| Nombre del editor, distribuidor, etc. | Servicio de publicaciones de la Universidad Nacional de Rosario |
| Fecha de publicación, distribución, etc. | c1976 |
| 300 ## - DESCRIPCIÓN FÍSICA | |
| Extensión | 373 p. |
| Dimensiones | 27 cm. |
| 650 10 - PUNTO DE ACCESO ADICIONAL DE MATERIA--TÉRMINO DE MATERIA | |
| 9 (RLIN) | 100 |
| Término de materia o nombre geográfico como elemento inicial | Ginecología |
| 942 ## - ELEMENTOS DE PUNTO DE ACCESO ADICIONAL (KOHA) | |
| Fuente del sistema de clasificación o colocación | Clasificación Decimal Universal |
| Tipo de ítem Koha | Libros |
| Estado de retiro | Estado de pérdida | Fuente del sistema de clasificación o colocación | Estado dañado | Excepción de préstamo | Código de colección | Localización permanente | Ubicación/localización actual | Ubicación en estantería | Fecha de adquisición | Fuente de adquisición | Número de inventario | Total de préstamos | Renovaciones totales | Signatura topográfica completa | Código de barras | Fecha visto por última vez | Fecha del último préstamo | Precio válido a partir de | Tipo de ítem Koha |
|---|---|---|---|---|---|---|---|---|---|---|---|---|---|---|---|---|---|---|---|
| Clasificación Decimal Universal | General | BIBLIOTECA CENTRAL | BIBLIOTECA CENTRAL | BIBLIOTECA CENTRAL | 29/03/2022 | Donación | 7245 | 1 | 5 | 618 ARC | 7245 | 12/07/2022 | 09/05/2022 | 29/03/2022 | Libros |

